Pengantar Ilmu Pemerintahan (Record no. 23032)
[ view plain ]
| 000 -LEADER | |
|---|---|
| fixed length control field | 00400nam a2200145Ia 4500 |
| 020 ## - INTERNATIONAL STANDARD BOOK NUMBER | |
| ISBN | 979-8020-69-3 |
| 084 ## - OTHER CLASSIFICATION OF CALL NUMBER | |
| Call Number (Nomor Katalog) | 128-0206 SYA Gov Bo.1 |
| 100 ## - MAIN ENTRY--AUTHOR NAME | |
| Personal name (Pengarang) | Inu Kencana Syafi'ie |
| 245 #0 - TITLE STATEMENT | |
| Sub Title (Anak Judul) | Pengantar Ilmu Pemerintahan |
| 250 ## - EDITION STATEMENT | |
| Edition statement (Edisi) | Ke-6 |
| 260 ## - PUBLICATION, DISTRIBUTION, ETC. (IMPRINT) | |
| Place of publication (Tempat Terbit/Kota) | Bandung |
| Name of publisher (Nama Penerbit) | Refika Aditama |
| Year of publication (Tahun Terbit) | 2010 |
| 300 ## - PHYSICAL DESCRIPTION | |
| Number of Pages (Jumlah Halaman) | i-xi + 155 hlm |
| 650 ## - SUBJECT ADDED ENTRY--TOPICAL TERM | |
| Topical Term (Topik 1) | Government, Pemerintahan |
| Relator term (Topik 2) | G-O-V |
| Form subdivision (Topik 3) | Definisi Ilmu Pemerintahan |
| 942 ## - ADDED ENTRY ELEMENTS (KOHA) | |
| Koha item type | Books (Buku) |
| Withdrawn status | Lost status | Damaged status | Not for loan | Permanent Location (Lokasi Permanen) | Current Location (Lokasi Sekarang) | Shelving location (Lokasi Rak) | Date acquired | Cost, normal purchase price (Harga Buku) | Full call number (Nomor Katalog) | Barcode | Copy number (Jumlah Eksemplar) | Price effective from | Koha item type (Jenis Koleksi) |
|---|---|---|---|---|---|---|---|---|---|---|---|---|---|
| Fisip Unmul Main Library | Fisip Unmul Main Library | Bookshelf | 07/17/2023 | 7.00 | 128-0206 SYA Gov Bo.1 | 128020601 | 1 | 07/17/2023 | Books (Buku) |